Architektonické listy FA STU stredoeurópsky vedecký a odborný časopis FA STU

Bibliographic Details
Other Authors: Dorotjaková, Irena (Publishing director)
Format: Journal
Language:Slovak
English
PhysicalDescription:24 zv. 30-34 cm
Published: Bratislava Fakulta architektúry Slovenskej technickej univerzity 1996-2019
ISSN:1335-2679
Subjects:

MARC

LEADER 00000cas a2200000 a 4500
001 vtls009285408
003 SK-MaSNL
005 20260228161500.0
008 080415d19962019xo qr p 0 b0slo
022 |a 1335-2679  |y 1135-2679 
040 |a SNK  |b slo  |c SNK  |d SVKBB  |e AACR2 
041 1 |a slo  |a eng 
044 |a xo  |c SK 
072 7 |a 72  |x Architektúra  |2 konspekt 
080 |a 050  |2 2011 
080 |a 72  |2 2011 
080 |a (051)-027.561  |2 2011 
210 0 |a Architekt. listy FA STU 
222 0 |a Architektonické listy FA STU 
245 0 0 |a Architektonické listy FA STU  |b stredoeurópsky vedecký a odborný časopis FA STU 
246 1 3 |a Architektonické listy FA STU alfa SPECTRA  |f 2004-2006 
246 1 1 |a Architectural Studies  |b Central European Journal of Architecture and Planning FA STU 
246 1 1 |a Architecture Papers of the Faculty of Architecture STU 
246 1 3 |a ALFA 
246 1 3 |a Architektonické listy Fakulty architektúry STU v Bratislave  |f 2007-2010 
260 |a Bratislava  |b Fakulta architektúry Slovenskej technickej univerzity  |c 1996-2019 
300 |a 24 zv.  |c 30-34 cm 
310 |a 4x ročne 
362 0 |a Nultý ročník, č. 1 (1996) ; Roč. 1 (1997) - roč. 24, č. 4 (2019)  |z SKP 
500 |a V r. 2003-2008 vychádza striedavo s časopisom: Alfa spectra. Urbanistické listy FA STU, ktroré vychádzajú ako č. 1 a č. 2 a Architektonické listy FA STU vychádzajú ako č. 3 a č. 4 
500 |a Na časopise uvedené chybné ISSN 1135-2679 
500 |a Evidenčné číslo MK SR: EV 4209/10 
500 |a Od r. 2011 rozmer zv. 34 cm 
500 |a Od r. 2007 bez podnázvu 
500 |a Popis podľa: Roč. 8, č. 3 (2004) 
500 |a Šéfredaktor: ?-2019, Irena Dorotjaková 
500 |a V r. 2018 vyšli iba č. 1 a 2 
500 |a Od r. 2020 vychádza iba v online verzii 
546 |a Čiast. text v angl. 
650 0 7 |a architektúra  |2 SNKPH  |9 722 
650 0 7 |a Architecture  |2 SNKPHeng  |9 266226 
655 7 |a odborné časopisy  |2 SNKPH  |9 70505 
655 7 |a Professional journals  |2 SNKPHeng  |9 265007 
700 1 |a Dorotjaková, Irena  |4 pbd  |9 12792 
710 2 |a Slovenská technická univerzita v Bratislave.  |b Fakulta architektúry  |4 pbl  |9 124533 
852 |a Štátna vedecká knižnica v Banskej Bystrici 
910 |a snk 
910 |a svkbb 
916 |a 2004-2014, 2015-2018, 2019 
999 |c 5507  |d 7437 
952 |0 0  |1 0  |4 0  |7 0  |8 0  |a SNK  |b SNK  |d 2020-11-25  |f 1  |i snk2020/21037  |l 0  |o snkČSB 5988/24/2019  |p 17A1433097  |r 2026-02-21 19:24:25  |t č. 1-4  |w 2026-02-21  |y PREZ 
952 |0 0  |1 0  |4 0  |7 0  |8 0  |a SNK  |b SNK  |d 2021-06-16  |i snk2021/7123  |l 0  |o snkČSB 5988/24/2019 D1  |p 17A1433949  |r 2026-02-21 19:52:27  |t č. 1-4  |w 2026-02-21  |y PREZ 
952 |0 0  |1 0  |4 0  |7 0  |8 0  |a SNK  |b SNK  |d 2015-05-22  |f 1  |i snk2015/16470  |l 0  |o snkČSB 5988/8/2004  |p 17A1144533  |r 2026-02-21 21:34:27  |t č. 3-4  |w 2026-02-21  |y PREZ 
952 |0 0  |1 0  |4 0  |7 0  |8 0  |a SNK  |b SNK  |d 2015-05-22  |i snk2015/16471  |l 0  |o snkČSB 5988/8/2004 D1  |p 17A1144534  |r 2026-02-21 21:34:27  |t č. 3-4  |w 2026-02-21  |y PREZ 
952 |0 0  |1 0  |4 0  |7 0  |8 0  |a SNK  |b SNK  |d 2015-05-22  |f 1  |i snk2015/16472  |l 0  |o snkČSB 5988/9/2005  |p 17A1144531  |r 2026-02-21 21:34:27  |t č. 3-4  |w 2026-02-21  |y PREZ 
952 |0 0  |1 0  |4 0  |7 0  |8 0  |a SNK  |b SNK  |d 2015-05-22  |i snk2015/16473  |l 0  |o snkČSB 5988/9/2005 D1  |p 17A1144532  |r 2026-02-21 21:34:27  |t č. 3-4  |w 2026-02-21  |y PREZ 
952 |0 0  |1 0  |4 0  |7 0  |8 0  |a SNK  |b SNK  |d 2015-05-22  |f 1  |i snk2015/16475  |l 0  |o snkČSB 5988/10/2006  |p 17A1144529  |r 2026-02-21 21:34:27  |t č. 3-4  |w 2026-02-21  |y PREZ 
952 |0 0  |1 0  |4 0  |7 0  |8 0  |a SNK  |b SNK  |d 2015-05-22  |i snk2015/16478  |l 0  |o snkČSB 5988/10/2006 D1  |p 17A1144530  |r 2026-02-21 21:34:27  |t č. 3-4  |w 2026-02-21  |y PREZ 
952 |0 0  |1 0  |4 0  |7 0  |8 0  |a SNK  |b SNK  |d 2015-05-22  |f 1  |i snk2015/16479  |l 0  |o snkČSB 5988/11/2007  |p 17A1144527  |r 2026-02-21 21:34:27  |t č. 3-4  |w 2026-02-21  |y PREZ 
952 |0 0  |1 0  |4 0  |7 0  |8 0  |a SNK  |b SNK  |d 2015-05-22  |i snk2015/16482  |l 0  |o snkČSB 5988/11/2007 D1  |p 17A1144528  |r 2026-02-21 21:34:27  |t č. 3-4  |w 2026-02-21  |y PREZ 
952 |0 0  |1 0  |4 0  |7 0  |8 0  |a SNK  |b SNK  |d 2015-05-22  |f 1  |i snk2015/16486  |l 0  |o snkČSB 5988/12/2008  |p 17A1144525  |r 2026-02-21 21:34:27  |t č. 3-4  |w 2026-02-21  |y PREZ 
952 |0 0  |1 0  |4 0  |7 0  |8 0  |a SNK  |b SNK  |d 2015-05-22  |i snk2015/16487  |l 0  |o snkČSB 5988/12/2008 D1  |p 17A1144526  |r 2026-02-21 21:34:27  |t č. 3-4  |w 2026-02-21  |y PREZ 
952 |0 0  |1 0  |4 0  |7 0  |8 0  |a SNK  |b SNK  |d 2015-05-22  |f 1  |i snk2015/16488  |l 0  |o snkČSB 5988/13/2009  |p 17A1144523  |r 2026-02-21 21:34:27  |t č. 1  |w 2026-02-21  |y PREZ 
952 |0 0  |1 0  |4 0  |7 0  |8 0  |a SNK  |b SNK  |d 2015-05-22  |i snk2015/16489  |l 0  |o snkČSB 5988/13/2009 D1  |p 17A1144524  |r 2026-02-21 21:34:27  |t č. 1  |w 2026-02-21  |y PREZ 
952 |0 0  |1 0  |4 0  |7 0  |8 0  |a SNK  |b SNK  |d 2015-05-22  |f 1  |i snk2015/16490  |l 0  |o snkČSB 5988/14/2010  |p 17A1144521  |r 2026-02-21 21:34:28  |t č. 1-4  |w 2026-02-21  |y PREZ 
952 |0 0  |1 0  |4 0  |7 0  |8 0  |a SNK  |b SNK  |d 2015-05-22  |i snk2015/16491  |l 0  |o snkČSB 5988/14/2010 D1  |p 17A1144522  |r 2026-02-21 21:34:28  |t č. 1-4  |w 2026-02-21  |y PREZ 
952 |0 0  |1 0  |4 0  |7 0  |8 0  |a SNK  |b SNK  |d 2015-05-22  |f 1  |i snk2015/16492  |l 0  |o snkČSB 5988/16/2011  |p 17A1144519  |r 2026-02-21 21:34:28  |t č. 1-4  |w 2026-02-21  |y PREZ 
952 |0 0  |1 0  |4 0  |7 0  |8 0  |a SNK  |b SNK  |d 2015-05-22  |i snk2015/16495  |l 0  |o snkČSB 5988/16/2011 D1  |p 17A1144520  |r 2026-02-21 21:34:28  |t č. 1-4  |w 2026-02-21  |y PREZ 
952 |0 0  |1 0  |4 0  |7 0  |8 0  |a SNK  |b SNK  |d 2015-05-22  |f 1  |i snk2015/16498  |l 0  |o snkČSB 5988/17/2012  |p 17A1144517  |r 2026-02-21 21:34:28  |t č. 1-3  |w 2026-02-21  |y PREZ 
952 |0 0  |1 0  |4 0  |7 0  |8 0  |a SNK  |b SNK  |d 2015-05-22  |i snk2015/16499  |l 0  |o snkČSB 5988/17/2012 D1  |p 17A1144518  |r 2026-02-21 21:34:28  |t č. 1-3  |w 2026-02-21  |y PREZ 
952 |0 0  |1 0  |4 0  |7 0  |8 0  |a SNK  |b SNK  |d 2015-05-25  |f 1  |i snk2015/16503  |l 0  |o snkČSB 5988/18/2013  |p 17A1144515  |r 2026-02-21 21:34:34  |t č. 1-4, neúplné  |w 2026-02-21  |y PREZ  |z chýba č. 1 
952 |0 0  |1 0  |4 0  |7 0  |8 0  |a SNK  |b SNK  |d 2015-05-25  |i snk2015/16505  |l 0  |o snkČSB 5988/18/2013 D1  |p 17A1144516  |r 2026-02-21 21:34:34  |t č. 1-4, neúplné  |w 2026-02-21  |y PREZ  |z chýba č. 1, 3 
952 |0 0  |1 0  |4 0  |7 0  |8 0  |a SNK  |b SNK  |d 2015-05-25  |f 1  |i snk2015/16507  |l 0  |o snkČSB 5988/19/2014  |p 17A1144513  |r 2026-02-21 21:34:34  |t č. 1-4  |w 2026-02-21  |y PREZ 
952 |0 0  |1 0  |4 0  |7 0  |8 0  |a SNK  |b SNK  |d 2015-05-25  |i snk2015/16508  |l 0  |o snkČSB 5988/19/2014 D1  |p 17A1144514  |r 2026-02-21 21:34:34  |t č. 1-4  |w 2026-02-21  |y PREZ 
952 |0 0  |1 0  |4 0  |7 0  |8 0  |a SNK  |b SNK  |d 2019-10-21  |f 1  |i snk2019/26787  |l 0  |o snkČSB 5988/20/2015  |p 17A1384376  |r 2026-02-21 22:00:34  |t č. 1-4  |w 2026-02-21  |y PREZ 
952 |0 0  |1 0  |4 0  |7 0  |8 0  |a SNK  |b SNK  |d 2019-10-21  |f 1  |i snk2019/26789  |l 0  |o snkČSB 5988/21/2016  |p 17A1384377  |r 2026-02-21 22:00:34  |t č. 1-4  |w 2026-02-21  |y PREZ 
952 |0 0  |1 0  |4 0  |7 0  |8 0  |a SNK  |b SNK  |d 2019-10-21  |f 1  |i snk2019/26790  |l 0  |o snkČSB 5988/22/2017  |p 17A1384378  |r 2026-02-21 22:00:34  |t č. 1-4  |w 2026-02-21  |y PREZ 
952 |0 0  |1 0  |4 0  |7 0  |8 0  |a SNK  |b SNK  |d 2019-10-21  |f 1  |i snk2019/26791  |l 0  |o snkČSB 5988/23/2018  |p 17A1384379  |r 2026-02-21 22:00:34  |t č. 1-4, neúplné  |w 2026-02-21  |y PREZ  |z Chýba č. 3,4 
952 |0 0  |1 0  |4 0  |7 0  |8 0  |a SNK  |b SNK  |d 2019-10-21  |i snk2019/26792  |l 0  |o snkČSB 5988/20/2015 D1  |p 17A1384380  |r 2026-02-21 22:00:34  |t č. 1-4  |w 2026-02-21  |y PREZ 
952 |0 0  |1 0  |4 0  |7 0  |8 0  |a SNK  |b SNK  |d 2019-10-21  |i snk2019/26793  |l 0  |o snkČSB 5988/21/2016 D1  |p 17A1384381  |r 2026-02-21 22:00:34  |t č. 1-4  |w 2026-02-21  |y PREZ 
952 |0 0  |1 0  |4 0  |7 0  |8 0  |a SNK  |b SNK  |d 2019-10-21  |i snk2019/26794  |l 0  |o snkČSB 5988/22/2017 D1  |p 17A1384382  |r 2026-02-21 22:00:34  |t č. 1-4  |w 2026-02-21  |y PREZ 
952 |0 0  |1 0  |4 0  |7 0  |8 0  |a SNK  |b SNK  |d 2019-10-21  |i snk2019/26795  |l 0  |o snkČSB 5988/23/2018 D1  |p 17A1384383  |r 2026-02-21 22:00:34  |t č. 1-4, neúplné  |w 2026-02-21  |y PREZ  |z Chýba č. 3,4